Loading...
| Mythology | 0 | 8 | 1 | 0 | 75 | 25 | 67.63 | 6 | 8 |
| Fine Arts - Painting and Sculpture | 0 | 4 | 0 | 0 | 40 | 24 | 88.75 | 1 | 3 |
| History - Other History | 0 | 4 | 1 | 0 | 35 | 50 | 71.50 | 3 | 4 |
| Philosophy | 0 | 3 | 1 | 0 | 25 | 22 | 64.00 | 2 | 2 |
| Literature - World Literature | 0 | 2 | 0 | 1 | 20 | 112 | 130.50 | 0 | 2 |
| Pop Culture | 0 | 2 | 0 | 0 | 20 | 87 | 112.50 | 0 | 1 |
| Other Academic | 0 | 2 | 0 | 0 | 20 | 122 | 125.00 | 0 | 1 |
| Social Science | 0 | 2 | 1 | 1 | 15 | 70 | 101.00 | 1 | 1 |
| Literature - British Literature | 0 | 2 | 1 | 0 | 15 | 72 | 107.00 | 0 | 2 |
| Literature - European Literature | 0 | 2 | 1 | 0 | 15 | 48 | 58.00 | 2 | 2 |
| History - European History | 0 | 1 | 0 | 0 | 10 | 77 | 77.00 | 0 | 1 |
| Fine Arts - Classical Music | 0 | 1 | 0 | 0 | 10 | 139 | 139.00 | 0 | 1 |
| Religion | 0 | 1 | 0 | 0 | 10 | 80 | 80.00 | 0 | 0 |
| Current Events | 0 | 1 | 0 | 1 | 10 | 79 | 79.00 | 0 | 0 |
| Literature - American Literature | 0 | 1 | 1 | 0 | 5 | 83 | 83.00 | 1 | 1 |
| Fine Arts - Other Fine Arts | 0 | 0 | 0 | 0 | 0 | 0.00 | 0 | 0 |